| 000 | 00965nam a22002537a 4500 | ||
|---|---|---|---|
| 005 | 20111116164156.0 | ||
| 010 | _aENG-104125 | ||
| 020 |
_a9780071077743 _c350.00 |
||
| 020 |
_a007107774x _c350.00 |
||
| 035 | _aEN-87658 | ||
| 037 | _bDBAD/PUB | ||
| 082 | _a621.317 | ||
| 100 | 1 |
_aBadri Ram _947269 |
|
| 245 | 1 | 0 |
_aPower system protection and switchgear / _cby Badri Ram [and] D.N. Vishwakarma |
| 250 | _a2nd ed | ||
| 260 |
_aNew Delhi _bTata McGraw-Hill _c2011 |
||
| 270 |
_a7 West Patel Nagar _bNew Delhi _e110008 |
||
| 300 |
_axvi,670p. _c24cm (pbk) |
||
| 500 | _aIncludes bibliographical references and index. | ||
| 700 | 1 |
_aVishwakarma, D.N. _935871 |
|
| 942 |
_2ddc _cEN _mBAD _h621.317 |
||
| 999 |
_c58456 _d58456 |
||